| 000 | 00535 a2200169 4500 | ||
|---|---|---|---|
| 003 | OSt | ||
| 005 | 20231103130950.0 | ||
| 008 | 231103b |||||||| |||| 00| 0 eng d | ||
| 020 | _a9839541315 | ||
| 040 | _coclc | ||
| 082 |
_a297.14 _bNYA/T |
||
| 100 |
_aNyazee, Imran Ahsan Khan _91734 |
||
| 245 |
_aTheories of Islamic law : the methodology of ijtihÄd / _c Imran Ahsan Khan Nyazee, |
||
| 260 |
_aKaula Lumpur: _bThe Other Press, _c2002. |
||
| 300 | _a344p | ||
| 942 |
_2ddc _cBK _h297.14 _iNYA/T _k297.14 _mNYA/T |
||
| 999 |
_c42783 _d42783 |
||